Fluid mechanics

Сохранить в:
Библиографические подробности
Главный автор: Frank M White
Формат:
Язык:Undetermined
Опубликовано: Philippines Uni-ed, Incorporated 1979
Предметы:
Метки: Добавить метку
Нет меток, Требуется 1-ая метка записи!
Thư viện lưu trữ: Trung tâm Học liệu Trường Đại học Cần Thơ
LEADER 00470nam a2200181Ia 4500
001 CTU_30045
008 210402s9999 xx 000 0 und d
082 |a 620.106 
082 |b W584 
100 |a Frank M White 
245 0 |a Fluid mechanics 
245 0 |c Frank M White 
260 |a Philippines 
260 |b Uni-ed, Incorporated 
260 |c 1979 
650 |a fluid mechanics 
904 |i Liên, 990224 
980 |a Trung tâm Học liệu Trường Đại học Cần Thơ